Practical boundary surveying (Record no. 116064)
[ view plain ]
| 000 -LEADER | |
|---|---|
| fixed length control field | 01773cad a2200289aa 4500 |
| 001 - CONTROL NUMBER | |
| control field | E159633 |
| 008 - FIXED-LENGTH DATA ELEMENTS--GENERAL INFORMATION | |
| fixed length control field | 090813s2015 xxk f 000 0 eng d |
| 020 ## - INTERNATIONAL STANDARD BOOK NUMBER | |
| International Standard Book Number | 9783319071589 |
| 035 ## - SYSTEM CONTROL NUMBER | |
| System control number | (Sirsi) u159633 |
| 041 0# - LANGUAGE CODE | |
| Language code of text/sound track or separate title | eng |
| 050 04 - LIBRARY OF CONGRESS CALL NUMBER | |
| Classification number | 346.410432 $2 18 |
| 050 04 - LIBRARY OF CONGRESS CALL NUMBER | |
| Classification number | 526.9 $2 18 |
| 100 ## - MAIN ENTRY--PERSONAL NAME | |
| Personal name | Gay, Paul |
| 245 00 - TITLE STATEMENT | |
| Title | Practical boundary surveying |
| Remainder of title | legal and technical principles |
| Medium | [electronic resource] |
| 250 ## - EDITION STATEMENT | |
| Edition statement | 2nd ed. |
| 260 ## - PUBLICATION, DISTRIBUTION, ETC. | |
| Place of publication, distribution, etc. | [S.l.] |
| Name of publisher, distributor, etc. | Springer |
| Date of publication, distribution, etc. | 2015 |
| 520 ## - SUMMARY, ETC. | |
| Summary, etc. | Provides landowners, land surveyors and students with the necessary foundation to understand boundary surveying techniques and the common legal issues that govern boundary establishment. This book helps readers to understand why such challenges exist and what remedies may be available. Using only simple and logically explained mathematics, the principles and practice of boundary surveying are demystified for those without prior experience and the focused coverage of pivotal issues such as easements and setting lot corners will aid even licensed practitioners in untangling thorny cases. Practical advice on using both basic and advanced instruments is included, alongside clear explanations of legal regulations that will impact any surveyor?s work. For those who desire a more in-depth treatment of the mathematical aspects of boundary surveying, the Appendix includes the underlying theory and many examples of typical calculations performed by boundary surveyors. |
| 521 ## - TARGET AUDIENCE NOTE | |
| Target audience note | Advanced |
| 590 ## - LOCAL NOTE (RLIN) | |
| Local note | KA |
| 650 24 - SUBJECT ADDED ENTRY--TOPICAL TERM | |
| Topical term or geographic name entry element | SURVEYING |
| 650 24 - SUBJECT ADDED ENTRY--TOPICAL TERM | |
| Topical term or geographic name entry element | LAND SURVEYING |
| 650 24 - SUBJECT ADDED ENTRY--TOPICAL TERM | |
| Topical term or geographic name entry element | BOUNDARIES |
| 651 #4 - SUBJECT ADDED ENTRY--GEOGRAPHIC NAME | |
| Geographic name | England and Wales |
| Chronological subdivision | 1543- |
| 690 ## - LOCAL SUBJECT ADDED ENTRY--TOPICAL TERM (OCLC, RLIN) | |
| Topical term or geographic name as entry element | SURVEYING |
| 856 48 - ELECTRONIC LOCATION AND ACCESS | |
| Uniform Resource Identifier | <a href="https://www.vlebooks.com/">https://www.vlebooks.com/</a> |
| Public note | View on VLEbooks. Logins for members only from [email protected] |
| 942 ## - ADDED ENTRY ELEMENTS (KOHA) | |
| Suppress in OPAC | 0 |
| Withdrawn status | Lost status | Source of classification or shelving scheme | Damaged status | Not for loan | Home library | Current library | Shelving location | Date acquired | Total Checkouts | Full call number | Barcode | Date last seen | Copy number | Price effective from | Koha item type |
|---|---|---|---|---|---|---|---|---|---|---|---|---|---|---|---|
| Dewey Decimal Classification | Virtual | Virtual | Online | 30/11/2017 | ONLINE PUBLICATION | 159633-2001 | 06/08/2019 | 1 | 06/08/2019 | Book |